000 01339nam0a22002771 4500
001 rc\2208756
005 20110829165829.9
035 _a(NLR Aleph) 006618760
090 _a7426651
_c7426651
100 _a20110829d1979 |||y0rusy50 ca
101 0 _arus
102 _aRU
105 _ay z |||||
200 1 _aПовышение культуры производства и техники безопасности
_f[Борцов Н.С., Шевалдин И.А.]
210 _aМосква
_cЦНИЭИуголь
_d1979
215 _a[1], 31 с.
_d21
225 1 _aЭкспресс-информация
_fМ-во угол. пром-сти СССР, ЦНИИ экономики и НТИ угол. пром-сти (ЦНИЭИуголь)
_iСерия "Техника безопасности, охрана труда и горноспасательное дело"
702 1 _aШевалдин
_bИ. А.
_4220
702 1 _aБорцов
_bН. С.
_gНиколай Сергеевич
_4220
712 0 2 _aЦНИИ информации и технико-экономических исследований угольной промышленности
_cМосква
_3RU\NLR\AUTH\888204
801 0 _aRU
_bNLR
_gpsbo
801 1 _aRU
_bELAR
_2rusmarc
852 _aNLR
_j79-4/28133
899 _aRuMoRGB
_jМ 79-18/2485
942 _cBOOK
980 _aNB